Quản trị tài chính doanh nghiệp

Sách trình bày những vấn đề cơ bản của doanh nghiệp về quản trị tài chính doanh nghiệp và quản trị tài chính doanh nghiệp, ngân sách của doanh nghiệp, cơ cấu tài chính, chính sách phân chia lợi tức, dự báo và phân tích tài chính, quản trị vốn...

Ausführliche Beschreibung

Gespeichert in:
Bibliographische Detailangaben
1. Verfasser: Lưu, Thị Hương
Format: Buch
Sprache:Undetermined
Veröffentlicht: Hà Nội Tài Chính 2006
Schlagworte:
Tags: Tag hinzufügen
Keine Tags, Fügen Sie den ersten Tag hinzu!
Thư viện lưu trữ: Trung tâm Học liệu Trường Đại học Cần Thơ
LEADER 01067nam a2200205Ia 4500
001 CTU_108465
008 210402s9999 xx 000 0 und d
020 |c 30000 
082 |a 658.1511 
082 |b H561 
100 |a Lưu, Thị Hương 
245 0 |a Quản trị tài chính doanh nghiệp 
245 0 |c Lưu Thị Hương, Vũ Duy Hảo 
260 |a Hà Nội 
260 |b Tài Chính 
260 |c 2006 
520 |a Sách trình bày những vấn đề cơ bản của doanh nghiệp về quản trị tài chính doanh nghiệp và quản trị tài chính doanh nghiệp, ngân sách của doanh nghiệp, cơ cấu tài chính, chính sách phân chia lợi tức, dự báo và phân tích tài chính, quản trị vốn lưu động, các nguồn tài trợ dài hạn và những khuynh hướng đặc biệt trong quản trị tài chính. 
650 |a Managerial accounting 
904 |i Giang 
980 |a Trung tâm Học liệu Trường Đại học Cần Thơ